|
|
|
|
| LEADER |
00000cam a2200000 a 4500 |
| 001 |
UCE2718 |
| 003 |
CL-VaPUC |
| 008 |
140724e20110000sp |||||||||||||||||spa|d |
| 020 |
|
|
|a 9788420654782
|
| 082 |
0 |
4 |
|a 189
|b MAR
|2 21
|
| 100 |
|
|
|a Martínez Lorca, Andrés
|e autor
|9 575274
|
| 245 |
1 |
0 |
|a Introducción a la filosofía medieval
|
| 250 |
|
|
|a 1a. ed
|
| 300 |
|
|
|a 243 p
|
| 942 |
|
|
|c BK
|
| 945 |
|
|
|d 20140724 10:48:00
|a dcastane
|
| 260 |
|
|
|a Madrid
|b Alianza
|c 2011
|
| 650 |
|
0 |
|a Filosofía medieval
|9 256245
|
| 650 |
|
0 |
|a Edad media
|9 258041
|
| 650 |
|
0 |
|a Escolasticismo
|9 264998
|
| 583 |
|
|
|a last modification
|c 20140724 10:48:00
|k Rodrigo Vera
|
| 999 |
|
|
|c 356293
|d 356291
|
| 952 |
|
|
|0 0
|1 0
|3 erb
|4 0
|6 189_000000000000000_MAR_2011
|7 0
|8 A
|9 463547
|a BIBEDU
|b BIBEDU
|i 5091276
|l 3
|m 2
|o 189 MAR 2011
|p 5091276
|q 2024-08-02
|r 2024-07-03
|s 2024-07-03
|w 2019-11-23
|y BK
|z Catalogado en:20140724
|k FIL
|